Introduction to biblical interpretation / (Record no. 8328)
[ view plain ]
| 000 -LEADER | |
|---|---|
| fixed length control field | 01218cam a2200337 i 4500 |
| 001 - CONTROL NUMBER | |
| control field | 19270631 |
| 003 - CONTROL NUMBER IDENTIFIER | |
| control field | GBCCL |
| 005 - DATE AND TIME OF LATEST TRANSACTION | |
| control field | 20241126110648.0 |
| 008 - FIXED-LENGTH DATA ELEMENTS--GENERAL INFORMATION | |
| fixed length control field | 160825s2017 miu b 001 0 eng c |
| 010 ## - | |
| -- | 2016039056 |
| 020 ## - INTERNATIONAL STANDARD BOOK NUMBER | |
| International Standard Book Number | 9780310524175 (hardcover) |
| 040 ## - CATALOGING SOURCE | |
| Original cataloging agency | NcWfSB/DLC |
| Language of cataloging | eng |
| Transcribing agency | NcWfSB |
| Description conventions | rda |
| Modifying agency | DLC |
| 042 ## - | |
| -- | pcc |
| 050 00 - | |
| -- | BS476 |
| -- | .K545 2017 |
| 082 00 - DEWEY DECIMAL CLASSIFICATION NUMBER | |
| Classification number | 220.601 |
| Edition information | 23 |
| Item number | KLE |
| 100 1# - MAIN ENTRY--PERSONAL NAME | |
| Personal name | Klein, William W. |
| Fuller form of name | (William Wade), |
| Relator term | author |
| 9 (RLIN) | 14496 |
| 245 10 - TITLE STATEMENT | |
| Title | Introduction to biblical interpretation / |
| Statement of responsibility, etc. | William W. Klein, Craig L. Blomberg, Robert L. Hubbard, Jr. |
| 250 ## - EDITION STATEMENT | |
| Edition statement | Third edition. |
| 264 #1 - PRODUCTION, PUBLICATION, DISTRIBUTION, MANUFACTURE, AND COPYRIGHT NOTICE | |
| Place of production, publication, distribution, manufacture | Grand Rapids, Michigan : |
| Name of producer, publisher, distributor, manufacturer | Zondervan, |
| Date of production, publication, distribution, manufacture, or copyright notice | [2017] |
| 300 ## - PHYSICAL DESCRIPTION | |
| Extent | 718 pages ; |
| Dimensions | 24 cm |
| 336 ## - CONTENT TYPE | |
| Content type term | text |
| Source | rdacontent |
| 337 ## - MEDIA TYPE | |
| Media type term | unmediated |
| Source | rdamedia |
| 338 ## - CARRIER TYPE | |
| Carrier type term | volume |
| Source | rdacarrier |
| 504 ## - BIBLIOGRAPHY, ETC. NOTE | |
| Bibliography, etc. note | Includes bibliographical references and indexes. |
| 630 00 - SUBJECT ADDED ENTRY--UNIFORM TITLE | |
| Uniform title | Bible |
| General subdivision | Hermeneutics. |
| 9 (RLIN) | 1790 |
| 700 1# - ADDED ENTRY--PERSONAL NAME | |
| Personal name | Blomberg, Craig L., |
| Dates associated with a name | 1955- |
| Relator term | author. |
| 9 (RLIN) | 828 |
| 700 1# - ADDED ENTRY--PERSONAL NAME | |
| Personal name | Hubbard, Robert L., |
| Titles and other words associated with a name | Jr., |
| Dates associated with a name | 1943- |
| Relator term | author. |
| 9 (RLIN) | 11964 |
| 906 ## - LOCAL DATA ELEMENT F, LDF (RLIN) | |
| a | 7 |
| b | cbc |
| c | orignew |
| d | 1 |
| e | ecip |
| f | 20 |
| g | y-gencatlg |
| 942 ## - ADDED ENTRY ELEMENTS (KOHA) | |
| Source of classification or shelving scheme | Dewey Decimal Classification |
| Koha item type | Books |
| Koha issues (borrowed), all copies | 9 |
| Withdrawn status | Lost status | Source of classification or shelving scheme | Damaged status | Not for loan | Home library | Current Library | Shelving location | Date acquired | Total checkouts | Total renewals | Full call number | Barcode | Date last seen | Date last checked out | Copy number | Price effective from | Koha item type |
|---|---|---|---|---|---|---|---|---|---|---|---|---|---|---|---|---|---|
| Dewey Decimal Classification | GRACE BIBLE COLLEGE | GRACE BIBLE COLLEGE | Biblical Studies | 2019-12-02 | 12 | 17 | 220.601 KLE | 013758 | 2026-03-24 | 2025-11-04 | c.1 | 2019-12-02 | Books |